Géographie de l'anthropocène : Concepts, démarches, éthiques (notice n° 1697238)

détails MARC
000 -LEADER
fixed length control field 01692cam a2200133 4500500
005 - DATE AND TIME OF LATEST TRANSACTION
control field 20260315000704.0
041 ## - LANGUAGE CODE
Language code of text/sound track or separate title fre
042 ## - AUTHENTICATION CODE
Authentication code dc
100 10 - MAIN ENTRY--PERSONAL NAME
Personal name Dufour, Simon
Relator term author
245 00 - TITLE STATEMENT
Title Géographie de l'anthropocène : Concepts, démarches, éthiques
260 ## - PUBLICATION, DISTRIBUTION, ETC.
Name of publisher, distributor, etc. Armand Colin,<br/>
Date of publication, distribution, etc. 2024.<br/>
520 ## - SUMMARY, ETC.
Summary, etc. Depuis près de 25 ans, l’anthropocène catalyse un vaste ensemble de réflexions, de travaux scientifiques et de politiques publiques dédiés aux grands enjeux environnementaux contemporains. Réchauffement climatique, érosion de la biodiversité, épuisement des ressources, acidification des océans... autant de changements environnementaux liés aux activités humaines dont l’ampleur et la globalité représentent un défi pour l’espèce humaine : Comment analyser ces changements ? Comment agir ? A quelles échelles ? Au travers de quelles instances politiques ? etc. Vivre en anthropocène, c’est vivre une période où l’histoire de la Terre et de l’humanité se confondent C’est aussi être capable de penser des phénomènes à la fois biophysiques et sociaux, à plusieurs échelles et dans une variété d’espaces géographiques. C’est enfin se poser la question de la place des scientifiques dans la société. Cet ouvrage expose comment la géographie contribue, par ses concepts et ses démarches, à proposer un regard pertinent sur l’anthropocène et à une meilleure compréhension des relations qui lient les humains, dans leur diversité, à leurs environnements physiques, chimiques, biologiques et sociaux.
856 41 - ELECTRONIC LOCATION AND ACCESS
Uniform Resource Identifier <a href="https://shs.cairn.info/geographie-de-l-anthropocene--9782200638627?lang=fr&redirect-ssocas=7080">https://shs.cairn.info/geographie-de-l-anthropocene--9782200638627?lang=fr&redirect-ssocas=7080</a>

Pas d'exemplaire disponible.

PLUDOC

PLUDOC est la plateforme unique et centralisée de gestion des bibliothèques physiques et numériques de Guinée administré par le CEDUST. Elle est la plus grande base de données de ressources documentaires pour les Étudiants, Enseignants chercheurs et Chercheurs de Guinée.

Adresse

627 919 101/664 919 101

25 boulevard du commerce
Kaloum, Conakry, Guinée

Réseaux sociaux

Powered by Netsen Group @ 2025